Score 0/14 Timer 02:00
0 Plays Today
Clue 4-Letter Word % Correct
Singer Delp or actor PittBRAD
94.4%
Norse god of thunderTHOR
92.1%
One of the Great LakesERIE
88.6%
'___ she blows!'THAR
86.9%
Necklace componentBEAD
85%
AlumGRAD
84.2%
Ursine animalBEAR
82.3%
Clue 4-Letter Word % Correct
The lines on graph paper, for exampleGRID
81.9%
Garfield's canine nemesisODIE
80%
Desert-likeARID
79.9%
Lachrymal gland outputTEAR
78%
Actress Falco of 'Nurse Jackie'EDIE
77.6%
R&B singer india.___ARIE
76%
Norse god and ruler of AsgardODIN
73.4%

Today's Daily Dose

Missing Word
'T' Pairs

Word Ladder
Game Pieces

Get the Picture
Baseball Movies

Remove Ads.
Support Sporcle.
Get the best of Sporcle when you Go Orange. This ad-free experience offers more features, more stats, and more fun while also helping to support Sporcle. Thank you for becoming a member.

You're not logged in!

Compare scores with friends on all Sporcle quizzes.
OR
Log In

Show Comments

Extras

Top Quizzes Today


Score Distribution

Your Account Isn't Verified!

In order to create a playlist on Sporcle, you need to verify the email address you used during registration. Go to your Sporcle Settings to finish the process.

Report this User

Report this user for behavior that violates our Community Guidelines.

Details: